<?xml version="1.0" encoding="UTF-8"?>
<record
    xmlns:xsi="http://www.w3.org/2001/XMLSchema-instance"
    xsi:schemaLocation="http://www.loc.gov/MARC21/slim http://www.loc.gov/standards/marcxml/schema/MARC21slim.xsd"
    xmlns="http://www.loc.gov/MARC21/slim">

  <leader>01209nam a2200229 a 4500</leader>
  <controlfield tag="001">28502</controlfield>
  <controlfield tag="003">BD-RjUL</controlfield>
  <controlfield tag="005">20211209051306.0</controlfield>
  <controlfield tag="008">181028s1959    pk a      b   001 0 ben d</controlfield>
  <datafield tag="035" ind1=" " ind2=" ">
    <subfield code="a">(BD-RjUL)28583</subfield>
  </datafield>
  <datafield tag="040" ind1=" " ind2=" ">
    <subfield code="a">DLC</subfield>
    <subfield code="b">eng</subfield>
    <subfield code="c">DLC</subfield>
    <subfield code="d">BD-RjUL</subfield>
  </datafield>
  <datafield tag="041" ind1=" " ind2=" ">
    <subfield code="a">eng</subfield>
  </datafield>
  <datafield tag="082" ind1=" " ind2=" ">
    <subfield code="a">379.549</subfield>
    <subfield code="b">PAJ 1959</subfield>
    <subfield code="2">23</subfield>
  </datafield>
  <datafield tag="110" ind1=" " ind2=" ">
    <subfield code="a">&#x9AA;&#x9BE;&#x995;&#x9BF;&#x9B8;&#x9CD;&#x9A4;&#x9BE;&#x9A8;</subfield>
    <subfield code="b">&#x9B6;&#x9BF;&#x995;&#x9CD;&#x9B7;&#x9BE; &#x9A6;&#x9AB;&#x9A4;&#x9B0;. &#x99C;&#x9BE;&#x9A4;&#x9C0;&#x9AF;&#x9BC; &#x9B6;&#x9BF;&#x995;&#x9CD;&#x9B7;&#x9BE; &#x995;&#x9AE;&#x9BF;&#x9B6;&#x9A8;</subfield>
    <subfield code="9">224298</subfield>
  </datafield>
  <datafield tag="245" ind1=" " ind2=" ">
    <subfield code="a">&#x99C;&#x9BE;&#x9A4;&#x9C0;&#x9AF;&#x9BC; &#x9B6;&#x9BF;&#x995;&#x9CD;&#x9B7;&#x9BE; &#x995;&#x9AE;&#x9BF;&#x9B6;&#x9A8;&#x9C7;&#x9B0; &#x9B0;&#x9BF;&#x9AA;&#x9CB;&#x9B0;&#x9CD;&#x99F;-&#x9E7;&#x9EF;&#x9EB;&#x9EF; /</subfield>
    <subfield code="c">&#x9AA;&#x9BE;&#x995;&#x9BF;&#x9B8;&#x9CD;&#x9A4;&#x9BE;&#x9A8;&#x964; &#x9B6;&#x9BF;&#x995;&#x9CD;&#x9B7;&#x9BE; &#x9A6;&#x9AB;&#x9A4;&#x9B0; &#x964; &#x99C;&#x9BE;&#x9A4;&#x9C0;&#x9AF;&#x9BC; &#x9B6;&#x9BF;&#x995;&#x9CD;&#x9B7;&#x9BE; &#x995;&#x9AE;&#x9BF;&#x9B6;&#x9A8; ; &#x98F;&#x9B8;. &#x98F;&#x9AE; &#x9B6;&#x9B0;&#x9C0;&#x9AB; ...[&#x98F;&#x9AC;&#x982; &#x985;&#x9A8;&#x9CD;&#x9AF;&#x9BE;&#x9A8;&#x9CD;&#x9AF;]</subfield>
  </datafield>
  <datafield tag="260" ind1=" " ind2=" ">
    <subfield code="a">[&#x995;&#x9B0;&#x9BE;&#x99A;&#x9C0;:</subfield>
    <subfield code="b">&#x9B8;&#x9B0;&#x995;&#x9BE;&#x9B0;&#x9C0; &#x9AA;&#x9CD;&#x9B0;&#x9BF;&#x9A8;&#x9CD;&#x99F;&#x9CD;&#x9B0;&#x9BF;&#x982; &#x9AA;&#x9CD;&#x9B0;&#x9C7;&#x9B8;.</subfield>
    <subfield code="c">&#x9E7;&#x9EF;&#x9EB;&#x9EF;]</subfield>
  </datafield>
  <datafield tag="300" ind1=" " ind2=" ">
    <subfield code="a">[&#x9EC;], &#x9EA;&#x9E9;&#x9E6; &#x9AA;&#x9C3;. ;</subfield>
    <subfield code="c">&#x9E8;&#x9EA; &#x9B8;&#x9C7;&#x9AE;&#x9BF;.</subfield>
  </datafield>
  <datafield tag="650" ind1=" " ind2=" ">
    <subfield code="a">&#x9B6;&#x9BF;&#x995;&#x9CD;&#x9B7;&#x9BE; &#x9A8;&#x9C0;&#x9A4;&#x9BF;</subfield>
    <subfield code="z">&#x9AA;&#x9BE;&#x995;&#x9BF;&#x9B8;&#x9CD;&#x9A4;&#x9BE;&#x9A8;</subfield>
    <subfield code="y">&#x9E7;&#x9EF;&#x9EB;&#x9EF;</subfield>
    <subfield code="9">224299</subfield>
  </datafield>
  <datafield tag="650" ind1=" " ind2=" ">
    <subfield code="a">Education Policy</subfield>
    <subfield code="z">Pakistan</subfield>
    <subfield code="y">1959</subfield>
    <subfield code="9">224300</subfield>
  </datafield>
  <datafield tag="700" ind1=" " ind2=" ">
    <subfield code="a">&#x9B6;&#x9B0;&#x9C0;&#x9AB;, &#x98F;&#x9B8;. &#x98F;&#x9AE;   ...[&#x98F;&#x9AC;&#x982; &#x985;&#x9A8;&#x9CD;&#x9AF;&#x9BE;&#x9A8;&#x9CD;&#x9AF;]</subfield>
    <subfield code="9">224302</subfield>
  </datafield>
  <datafield tag="942" ind1=" " ind2=" ">
    <subfield code="2">ddc</subfield>
    <subfield code="c">RAR</subfield>
  </datafield>
  <datafield tag="999" ind1=" " ind2=" ">
    <subfield code="c">28502</subfield>
    <subfield code="d">28502</subfield>
  </datafield>
  <datafield tag="952" ind1=" " ind2=" ">
    <subfield code="0">0</subfield>
    <subfield code="1">0</subfield>
    <subfield code="2">ddc</subfield>
    <subfield code="4">0</subfield>
    <subfield code="7">1</subfield>
    <subfield code="8">RARE</subfield>
    <subfield code="a">RUCL</subfield>
    <subfield code="b">RUCL</subfield>
    <subfield code="c">Rare</subfield>
    <subfield code="d">1968-09-16</subfield>
    <subfield code="e">Author</subfield>
    <subfield code="l">0</subfield>
    <subfield code="o">BRA 379.549 PAJ 1959</subfield>
    <subfield code="r">2018-10-28 00:00:00</subfield>
    <subfield code="t">C-1</subfield>
    <subfield code="w">2021-12-09</subfield>
    <subfield code="y">RAR</subfield>
  </datafield>
  <datafield tag="952" ind1=" " ind2=" ">
    <subfield code="0">0</subfield>
    <subfield code="1">0</subfield>
    <subfield code="2">ddc</subfield>
    <subfield code="4">0</subfield>
    <subfield code="7">0</subfield>
    <subfield code="8">NFIC</subfield>
    <subfield code="a">RUCL</subfield>
    <subfield code="b">RUCL</subfield>
    <subfield code="c">GEN</subfield>
    <subfield code="d">1962-01-27</subfield>
    <subfield code="e">Mango Publication, Karachi</subfield>
    <subfield code="l">0</subfield>
    <subfield code="o">B 379.549 PAJ 1959</subfield>
    <subfield code="r">2022-10-27 00:00:00</subfield>
    <subfield code="t">C-2</subfield>
    <subfield code="w">2022-10-27</subfield>
    <subfield code="y">RAR</subfield>
  </datafield>
  <datafield tag="952" ind1=" " ind2=" ">
    <subfield code="0">0</subfield>
    <subfield code="1">0</subfield>
    <subfield code="2">ddc</subfield>
    <subfield code="4">0</subfield>
    <subfield code="7">0</subfield>
    <subfield code="8">NFIC</subfield>
    <subfield code="a">RUCL</subfield>
    <subfield code="b">RUCL</subfield>
    <subfield code="c">GEN</subfield>
    <subfield code="d">1974-01-28</subfield>
    <subfield code="e">N/A</subfield>
    <subfield code="l">0</subfield>
    <subfield code="o">BRA 379.549 PAJ 1959</subfield>
    <subfield code="r">2022-11-10 00:00:00</subfield>
    <subfield code="t">C-3</subfield>
    <subfield code="w">2022-11-10</subfield>
    <subfield code="y">RAR</subfield>
  </datafield>
  <datafield tag="952" ind1=" " ind2=" ">
    <subfield code="0">0</subfield>
    <subfield code="1">0</subfield>
    <subfield code="2">ddc</subfield>
    <subfield code="4">0</subfield>
    <subfield code="7">0</subfield>
    <subfield code="8">NFIC</subfield>
    <subfield code="a">RUCL</subfield>
    <subfield code="b">RUCL</subfield>
    <subfield code="c">GEN</subfield>
    <subfield code="d">2009-04-04</subfield>
    <subfield code="e">RUCL</subfield>
    <subfield code="l">0</subfield>
    <subfield code="o">B 379.549 PAJ 1959</subfield>
    <subfield code="r">2022-11-15 00:00:00</subfield>
    <subfield code="t">C-4</subfield>
    <subfield code="w">2022-11-15</subfield>
    <subfield code="y">RAR</subfield>
  </datafield>
  <datafield tag="952" ind1=" " ind2=" ">
    <subfield code="0">0</subfield>
    <subfield code="1">0</subfield>
    <subfield code="2">ddc</subfield>
    <subfield code="4">0</subfield>
    <subfield code="7">1</subfield>
    <subfield code="8">NFIC</subfield>
    <subfield code="a">RUCL</subfield>
    <subfield code="b">RUCL</subfield>
    <subfield code="c">Rare</subfield>
    <subfield code="d">1974-01-28</subfield>
    <subfield code="o">BRA 379.549 PAJ 1959</subfield>
    <subfield code="r">2025-07-10 00:00:00</subfield>
    <subfield code="t">C-5</subfield>
    <subfield code="y">RAR</subfield>
  </datafield>
</record>
